00726cam a2200205 i 450000100060000000300080000600500170001400800410003103500190007204000230009104100180011408200260013210000390015824501180019724600420031526400990035730000270045665000230048370000140050682521BD-RjUL20231223110710.0231223s1998 pk 000 0 urd  a(BD-RjUL)82521 aDLCbengerdacDLC1 aurdaperhper 223a891.551bSAF 19980 a‏سعدى. ;; Saʻdī,eauthor.10aنسخهٔ صحیحهٔ گلستان : مع فرهنگ / Nuskhah-'i ṣaḥīḥah-'i Gulistān maʻa Farhang /14aĪn kitāb musammá bih Gulistān 1aLāhawr :‏لاهور :‏ :bMalik Dīn Muḥammad,‏ملک دين محمد،‏ ,c1998 a24, 244 pages ;c28 cm aPersian Literature02aSaʻdī.